000 00805cab a2200265 4500
001 WB3002-12
008 090401t1994 xxu||||| |||| 00| 0 eng d
035 _a(Sirsi) u47372
041 _aeng
100 _aCannell, M.
245 _aHong Kong money
260 _c1994
350 _a0
490 _aCSW - The Property Week
_v46(2) 12 January 1994, 40(1)
520 _aHong Kong property investors are likely to remain attracted to the UK market in spite of the handover of Hong Kong to China in 1997.
650 _aAUSTRALIA
650 _aCHINA
650 _aHONG KONG
650 _aINVESTMENT MARKET
650 _aINWARD INVESTMENT
650 _aUNITED KINGDOM
690 _aPROPERTY-COMMERCIAL PROPERTY-COMMERCIAL PROPERTY FINANCE AND INVESTMENT
942 _n0
948 _c04/03/1997
999 _c29877
_d29877